|
|
|
|
| LEADER |
00000nam0a2200000 4500 |
| 001 |
277470 |
| 005 |
20231101235023.0 |
| 035 |
|
|
|a (RuTPU)RU\TPU\book\300744
|
| 090 |
|
|
|a 277470
|
| 100 |
|
|
|a 20141203d1979 m y0rusy50 ca
|
| 101 |
0 |
|
|a rus
|
| 102 |
|
|
|a UA
|
| 105 |
|
|
|a a z 001zy
|
| 200 |
1 |
|
|a Защита строительных конструкций от агрессивных сред
|f А. Г. Коренюк
|
| 210 |
|
|
|a Киев
|c Будiвельник
|d 1979
|
| 215 |
|
|
|a 97 с.
|c ил.
|
| 225 |
1 |
|
|a Библиотека строителя. Технический прогресс
|
| 320 |
|
|
|a Библиогр.: с. 95-96
|
| 606 |
1 |
|
|a Строительные конструкции
|x Защита от коррозии
|2 stltpush
|3 (RuTPU)RU\TPU\subj\57353
|9 75215
|
| 610 |
1 |
|
|a агрессивные среды
|
| 610 |
1 |
|
|a здания
|
| 610 |
1 |
|
|a сооружения
|
| 610 |
1 |
|
|a стойкость
|
| 610 |
1 |
|
|a металлоконструкции
|
| 610 |
1 |
|
|a коррозия
|
| 610 |
1 |
|
|a биохимические процессы
|
| 675 |
|
|
|a 691:620.19
|v 4
|
| 700 |
|
1 |
|a Коренюк
|b А. Г.
|g Александр Григорьевич
|
| 801 |
|
1 |
|a RU
|b 63413507
|c 20141203
|
| 801 |
|
2 |
|a RU
|b 63413507
|c 20221207
|g RCR
|
| 942 |
|
|
|c BK
|